Tanzania Statements of Accounting Guidlines. (Record no. 3647)

MARC details
005 - DATE AND TIME OF LATEST TRANSACTION
control field 20250610155049.0
082 ## - DEWEY DECIMAL CLASSIFICATION NUMBER
Classification number 657.32 NBAA
111 ## - MAIN ENTRY--MEETING NAME
Meeting name or jurisdiction name as entry element The National Board of Accountants and Auditors
245 ## - TITLE STATEMENT
Title Tanzania Statements of Accounting Guidlines.
260 ## - PUBLICATION, DISTRIBUTION, ETC.
Place of publication, distribution, etc. Dar es Salaam,
Date of publication, distribution, etc. 1999,
300 ## - PHYSICAL DESCRIPTION
Extent 166p.;tables
Dimensions 23cm.
942 ## - ADDED ENTRY ELEMENTS (KOHA)
Source of classification or shelving scheme Dewey Decimal Classification
Koha item type Books
Holdings
Date last seen Total checkouts Full call number Barcode Cost, replacement price Price effective from Koha item type Lost status Source of classification or shelving scheme Damaged status Not for loan Withdrawn status Home library Current library Shelving location Date acquired Cost, normal purchase price
06/10/2025   657.32 NAT DOM0001736 30000.00 06/10/2025 Books   Dewey Decimal Classification       CBE Dodoma CBE Dodoma Special Reserve Collection 05/18/2000 10000.00